Culture générale #2 - Statistiques

Statistiques générales
  • Ce quiz a été pris 119 fois
  • Le résultat moyen est 5 sur 9
Statistiques - réponses
Question Réponse % Correct
Pour honorer les meilleurs citoyens, Napoléon a créé... La Légion d'honneur
93%
A quel écrivain doit-on le personne Boule de Suif? Maupassant
72%
Christophe Colomb est né à Gênes Vrai
65%
Parmi les images ci-dessous, laquelle est la cathédrale "Duomo"?
56%
Quel auteur prend la plume pour défendre Jean Calas, protestant, accusé de la mort d'un de ses enfants? Voltaire
52%
Qui a dit la citation suivante : "Chaque minute me prouve la différence qui existe entre les autres et toi"?
38%
Le général de Gaulle avait un surnom donné par ses camarades à Saint-Cyr... Le Connétable
33%
Jacques Cartier a accompli un ou plusieurs des exploits ci-dessous. A vous de les trouver!! 3 à 5 îles découvertes
28%
Chaque personne connue a son plat fétiche. Saurez-vous trouvez qui raffolait de "bouchées à la reine"?
26%
Aucun quiz correspondant
Distribution des résultats
% des personnes avec chaque résultat
Percentile par nombre de réponses
Votre historique - résultats
Vous n’avez pas pris ce quiz